Normal view MARC view

Entry Personal Name

Number of records used in: 5

001 - CONTROL NUMBER

  • control field: 68325

003 - CONTROL NUMBER IDENTIFIER

  • control field: dpl

005 - DATE AND TIME OF LATEST TRANSACTION

  • control field: 20240709150528.0

008 - FIXED-LENGTH DATA ELEMENTS

  • fixed length control field: 240709|| aca||aabn | a|a d

040 ## - CATALOGING SOURCE

  • Original cataloging agency: dpl
  • Transcribing agency: dpl

100 ## - HEADING--PERSONAL NAME

  • Personal name: Swahney,Rashmi Devi

670 ## - SOURCE DATA FOUND

  • Source citation: Work cat.: (dpl)204077: Swahney,Rashmi Devi, India Since the 90s The Vanishing Point:, 2022

© Delhi Public Library
Hit Counter
free hit counter